000 00586nam a2200181Ia 4500
999 _c1875
_d1875
003 OSt
005 20200924125049.0
008 190216s9999||||xx |||||||||||||| ||und||
020 _a9789382471400
040 _coclc
082 _a578.7
_bRAG/B
100 _aRagunathan, M
_94945
245 0 _aBiodiversity, Environment And Probiotics /
_cM Ragunathan ; J Jayanthi ; K P Sanjayan ; R K Singh ; A A Khan ; Arun Kumar
260 _bNarendra Publishing House,
_c2014.
_aDelhi:
300 _a192p
650 _aBotany
942 _cBK
_2ddc
_h578.7
_iRAG/B
_k578.7
_mRAG/B